| 000 | 00531nam a2200181Ia 4500 | ||
|---|---|---|---|
| 008 | 220216s9999 xx 000 0 und d | ||
| 100 | _aTanhuanpaa P K | ||
| 245 | 0 | _aIdentification of a RAPD marker for palmitic-acid concentration in the seed oil of spring turnip rape (Brassica rapa ssp. oleifera) | |
| 260 |
_bTheoretical and Applied Genetics _c1995 |
||
| 300 | _a477-480 | ||
| 650 | _aPalmitic acid | ||
| 650 | _aQTL | ||
| 650 | _aRAPD | ||
| 650 | _aRFLP | ||
| 700 | _aVilkki H J | ||
| 700 | _aVilkki J P | ||
| 942 | _cJS | ||
| 999 |
_c60604 _d60604 |
||